000 00859nam a2200265 c 4500
003 BLK
005 20180420220945.0
008 180408b bul|||||r ||||||| ||bul||
010 _aKNG00040109000
020 _a0-582-03821-9
_bиздат.: Longman
040 _aBLK
041 _aENG
_cENG
080 _aАнглийски език
_b811.111
_x:371.333(072)
_z811.111:371.333(072)
100 1 _aTribble, Chris
_eпърви автор
_926609
700 1 _aJones, Glyn
_eсъавт.
_9275266
139 _aTribble, Chris et al.
_b
245 1 0 _aConcordances in the Classroom
_bA resource book for teachers
_cChris Tribble; съавт. Glyn Jones.
260 Harlow
_bLongman
_c1990
300 _a95 c.
_c24 cm
852 _aЦб 169607
856 4 _qpdf
_u
856 4 _qpdf
_u
942 _cKNG
_n0
944 _aCR
_c15.01.2003
_kТеодора_Стоянова
944 _aED
_c29.04.2004
_k
999 _c36987
_d36987